Believe - Cher (All Lyrics) - Statistics

General Stats
  • This quiz has been taken 1,166 times
  • The average score is 247 of 306
Answer Stats
Lyrics % Correct
be
99%
believe
99%
Do
99%
do?
99%
do
99%
I
99%
you
99%
you.
99%
you?
99%
in
98%
love?
98%
love
98%
after
95%
can
93%
life
93%
me
90%
No
88%
no
88%
No,
88%
Oh,
88%
So
88%
don't
87%
feel
86%
strong
84%
strong.
84%
to
84%
you're
84%
enough
83%
really
83%
think
83%
the
82%
And
81%
and
81%
inside
81%
something
79%
that
77%
that.
77%
can't
76%
say:
76%
on.
75%
it.
73%
it
73%
There's
70%
all
68%
how
68%
through.
66%
through
66%
time
65%
matter
64%
try,
64%
hard
63%
one.
63%
What
62%
am
60%
is
60%
need
60%
for
59%
keep
59%
said
59%
break
58%
But
58%
done,
58%
I'm
58%
talking
58%
pushing
57%
sad
55%
aside.
54%
lonely
54%
leaving.
52%
supposed
51%
going
50%
know
50%
back.
48%
move
47%
Takes
46%
too
44%
turning
44%
this.
43%
now.
42%
anymore.
41%
get
41%
good
40%
Sit
40%
wait
40%
around
39%
I'll
33%
'Cause
32%
I've
32%
Well,
30%
had
28%
maybe
28%
No matching quizzes found
Score Distribution
Percent of People with Each Score
Percentile by Number Answered
Your Score History
You have not taken this quiz